| Поле | Инд. | ПП | Название | Значение |
|---|---|---|---|---|
| Тип записи | a | |||
| Библиографический уровень | m | |||
| 001 | Контрольный номер | RU/LIBMSTU/256747994 | ||
| 005 | Дата корректировки | 20140505125310.4 | ||
| 008 | Кодируемые данные | 080226|||||||||ru |||||||||||000|||rus|| | ||
| 020 | a | ISBN | 978-5-85971-725-5 | |
| c | Цена, тираж | 50-40 | ||
| 040 | b | Код языка каталог. | rus | |
| 041 | a | Код языка текста | rus | |
| 084 | a | Индекс другой классификации/Индекс ББК | 67.404.0 | |
| 090 | a | Полочн. индекс | 67.404 | |
| x | Авторский знак | Г 65 | ||
| 100 | 1_ | a | Автор | Гончаров А. А. |
| 245 | 10 | a | Заглавие | Практикум по гражданскому праву. Общая часть |
| c | Ответственность | [отв. ред. А. А. Гончаров] | ||
| 250 | a | Основные сведения об издании | 2-е изд., стер. | |
| 260 | a | Место издания | Москва | |
| b | Издательство | КноРус | ||
| c | Дата издания | 2007 | ||
| 300 | a | Объем | 191 с. | |
| b | Иллюстрации/ тип воспроизводства | ил. | ||
| 504 | a | Библиография | Библиогр.: с. 186 | |
| 650 | a | Основная рубрика | Гражданское право-Общая часть-Учебные издания для высших учебных заведений | |
| 653 | a | Ключевые слова | Гражданское право | |
| 653 | 1_ | a | Ключевые слова | Сделки |
| 653 | 1_ | a | Ключевые слова | Гражданские правоотношения |
| 653 | 1_ | a | Ключевые слова | Физические лица |
| 653 | 1_ | a | Ключевые слова | Юридические лица |
| 653 | 1_ | a | Ключевые слова | Доверенности |
| 653 | 1_ | a | Ключевые слова | Договоры |
| 700 | a | Другие авторы | Наумов В. М. | |
| 700 | 1_ | a | Другие авторы | Чернякова С. А. |
| 901 | t | Тип документа | m |